| 000 | 01141nam a2200301 a 4500 | ||
|---|---|---|---|
| 001 | 000021675 | ||
| 005 | 20200930011416.0 | ||
| 008 | 100909s1978 ag r 000 0 spa d | ||
| 020 | _a9501507246 | ||
| 040 |
_aDO-SdBNP _bspa _cBNPHU |
||
| 041 | 1 | 7 |
_aspa _heng _2Código de idioma MARC |
| 082 |
_a932 _bB797e |
||
| 100 | 1 |
_aBrackman, Arnold C., _945096 |
|
| 240 | 1 | 4 |
_aThe search for the gold of Tutankhamen. _lEspañol. |
| 245 | 1 | 0 |
_aEn busca del oro de Tutankamon / : _bArnold C. Brackman ; traducción de Antonio Bonnano. |
| 260 |
_aBuenos Aires, (Argentina) : _bJavier Vergara, _c1978. |
||
| 300 |
_a282, [1] p. ; _c22 cm. |
||
| 490 | 1 | _aLo inexplicable | |
| 504 | _aIncluye referencias bibliográficas y notas al pie de las páginas. | ||
| 534 |
_pTítulo original en inglés: _tThe search for the gold of Tutankhamen. _cMason & Charter, 1976. |
||
| 600 | 1 | 4 |
_aTUTANKAMON _xREY DE EGIPTO _945097 |
| 650 | 4 |
_aArqueología _zEgipto _945098 |
|
| 650 | 4 |
_aEgiptología _945099 |
|
| 650 | 4 |
_aExcavaciones arqueológicas _zEgipto _945100 |
|
| 700 | 1 |
_aBonnano, Antonio, _etr. _945101 |
|
| 830 | 0 |
_aLo inexplicable _945102 |
|
| 049 | _aBNGR | ||
| 999 |
_c21174 _d21174 |
||